<?xml version="1.0" encoding="UTF-8"?>
<collection xmlns="http://www.loc.gov/MARC21/slim">
<record>
  <controlfield tag="001">80440</controlfield>
  <controlfield tag="005">20250930110942.0</controlfield>
  <controlfield tag="008">190530q1050    sp            000 0 spa d</controlfield>
  <datafield tag="037" ind1=" " ind2=" ">
    <subfield code="a">Ms_459_(1)</subfield>
  </datafield>
  <datafield tag="040" ind1=" " ind2=" ">
    <subfield code="a">ES-ZaU</subfield>
  </datafield>
  <datafield tag="240" ind1="1" ind2="1">
    <subfield code="a">[Rótulo de Ballabriga]</subfield>
  </datafield>
  <datafield tag="245" ind1=" " ind2=" ">
    <subfield code="a">[Apo Galindo compra a Guillermo Alto una viña y un prado en Ballabriga...]</subfield>
    <subfield code="h">[Manuscrito]</subfield>
  </datafield>
  <datafield tag="260" ind1=" " ind2=" ">
    <subfield code="a">[ca. 1050]</subfield>
  </datafield>
  <datafield tag="300" ind1=" " ind2=" ">
    <subfield code="a">1 h. pleg.;</subfield>
    <subfield code="c">2000x180 mm</subfield>
  </datafield>
  <datafield tag="500" ind1=" " ind2=" ">
    <subfield code="a">Rollo de pergamino de dos metros de longitud y entre 17 y 18 centímetros de anchura, compuesto por cuatro piezas de pergamino cosidas (dos escritas por ambas caras y  y dos por una cara). Provisto de un cilindro de madera cosido en el extremo</subfield>
  </datafield>
  <datafield tag="500" ind1=" " ind2=" ">
    <subfield code="a">Texto en latín</subfield>
  </datafield>
  <datafield tag="510" ind1=" " ind2=" ">
    <subfield code="a">Inédito</subfield>
  </datafield>
  <datafield tag="540" ind1=" " ind2=" ">
    <subfield code="9">info:eu-repo/semantics/openAccess</subfield>
    <subfield code="a">by</subfield>
    <subfield code="u">https://creativecommons.org/licenses/by/4.0/deed.es</subfield>
  </datafield>
  <datafield tag="610" ind1="2" ind2="4">
    <subfield code="a">Universidad de Zaragoza</subfield>
    <subfield code="b">Biblioteca General</subfield>
    <subfield code="x">Manuscritos</subfield>
  </datafield>
  <datafield tag="651" ind1=" " ind2="4">
    <subfield code="a">Ballabriga (Zaragoza)</subfield>
    <subfield code="v">Fuentes</subfield>
    <subfield code="x">Historia</subfield>
    <subfield code="y">S..XVII</subfield>
  </datafield>
  <datafield tag="856" ind1="4" ind2=" ">
    <subfield code="s">2402776</subfield>
    <subfield code="u">http://zaguan.unizar.es/record/80440/files/MS_459_1_002.pdf</subfield>
    <subfield code="y">Texto completo (PDF)</subfield>
  </datafield>
  <datafield tag="856" ind1="4" ind2=" ">
    <subfield code="s">3961576</subfield>
    <subfield code="u">http://zaguan.unizar.es/record/80440/files/MS_459_1_001.pdf</subfield>
    <subfield code="y">Texto completo (PDF)</subfield>
  </datafield>
  <datafield tag="856" ind1="4" ind2=" ">
    <subfield code="s">51266</subfield>
    <subfield code="u">http://zaguan.unizar.es/record/80440/files/MS_459_1.xml</subfield>
    <subfield code="y">Fichero Mets</subfield>
  </datafield>
  <datafield tag="907" ind1=" " ind2=" ">
    <subfield code="a">.b20118880</subfield>
    <subfield code="b">20-05-19</subfield>
    <subfield code="c">30-04-19</subfield>
  </datafield>
  <datafield tag="909" ind1="C" ind2="O">
    <subfield code="o">oai:zaguan.unizar.es:80440</subfield>
    <subfield code="p">fondo-historico</subfield>
    <subfield code="p">driver</subfield>
  </datafield>
  <datafield tag="927" ind1="0" ind2=" ">
    <subfield code="a">100</subfield>
    <subfield code="b">pm</subfield>
    <subfield code="d">190430</subfield>
  </datafield>
  <datafield tag="945" ind1=" " ind2=" ">
    <subfield code="a">Ms-459 (1)</subfield>
    <subfield code="g">1</subfield>
    <subfield code="l">100an</subfield>
    <subfield code="n">DIGITALIZACION JUNIO 2019-2</subfield>
    <subfield code="n">Manuscrito procedente de la Facultad de Filosofía y Letras, entregado por Clara Ubieto a la Biblioteca General el 8 de junio de 2018</subfield>
    <subfield code="o">d</subfield>
    <subfield code="q">-</subfield>
    <subfield code="r">e</subfield>
    <subfield code="s">p</subfield>
    <subfield code="t">25</subfield>
    <subfield code="u">0</subfield>
    <subfield code="v">0</subfield>
    <subfield code="w">0</subfield>
    <subfield code="x">0</subfield>
    <subfield code="y">.i22431676</subfield>
    <subfield code="z">30-04-19</subfield>
  </datafield>
  <datafield tag="980" ind1=" " ind2=" ">
    <subfield code="a">FH</subfield>
    <subfield code="b">manuscritos</subfield>
  </datafield>
  <datafield tag="998" ind1=" " ind2=" ">
    <subfield code="a">100</subfield>
    <subfield code="b">30-04-19</subfield>
    <subfield code="c">m</subfield>
    <subfield code="d">s</subfield>
    <subfield code="e">a</subfield>
    <subfield code="f">lat</subfield>
    <subfield code="g">sp</subfield>
    <subfield code="h">1</subfield>
    <subfield code="i">0</subfield>
  </datafield>
</record>
</collection>